Central Library OPAC University of Rajshahi

Genetic engineering / (Record no. 14285)

MARC details
000 -LEADER
fixed length control field 00907nam a2200301 a 4500
001 - CONTROL NUMBER
control field 14285
003 - CONTROL NUMBER IDENTIFIER
rucl marc code BD-RjUL
005 - DATE AND TIME OF LATEST TRANSACTION
control field 20211208235613.0
008 - FIXED-LENGTH DATA ELEMENTS--GENERAL INFORMATION
fixed length control field 170521m1983 enka b 000 0 eng d
020 ## - INTERNATIONAL STANDARD BOOK NUMBER
International Standard Book Number 01227030149 (V-4)
International Standard Book Number 0122703030 (V-3)
International Standard Book Number 0122703022 (V-2)
International Standard Book Number 0122703014 (V-1)
035 ## - SYSTEM CONTROL NUMBER
System control number (BD-RjUL)
040 ## - CATALOGING SOURCE
Original cataloging agency LC
Language of cataloging eng
Transcribing agency LC
Modifying agency BD-RjUL
041 ## - LANGUAGE CODE
Language code of text/sound track or separate title eng
082 14 - DEWEY DECIMAL CLASSIFICATION NUMBER
Classification number 660.65
Edition number 23
Author mark and year GEN 1983
245 00 - TITLE STATEMENT
Title Genetic engineering /
Statement of responsibility, etc. edited by Robert Williamson.
260 ## - PUBLICATION, DISTRIBUTION, ETC. (IMPRINT)
Place of publication, distribution, etc. London ;
-- New York :
Name of publisher, distributor, etc. Academic Press,
Date of publication, distribution, etc. c1983
300 ## - PHYSICAL DESCRIPTION
Pagination vol. :
Illustrations ill. ;
Size 23 cm.
504 ## - BIBLIOGRAPHY, ETC. NOTE
Bibliography, etc Includes bibliographical references.
505 0# - FORMATTED CONTENTS NOTE
Formatted contents note Vol. 1-- v. 2-- v. 3-- v. 4--
650 #0 - SUBJECT ADDED ENTRY--TOPICAL TERM
Topical term or geographic name as entry element Genetic engineering.
9 (RLIN) 44607
Topical term or geographic name as entry element Recombinant DNA.
9 (RLIN) 34297
700 1# - ADDED ENTRY--PERSONAL NAME
Personal name Williamson, R.
Fuller form of name (Robert)
Personal name Rigby, P. W. J.
Fuller form of name (Peter W. J.)
942 ## - ADDED ENTRY ELEMENTS (KOHA)
Source of classification or shelving scheme Dewey Decimal Classification
Koha item type Books
Holdings
Lost status Source of classification or shelving scheme Damaged status Not for loan Collection code Permanent Location Current Location Shelving location Date acquired Source of acquisition Cost, normal purchase price Total Checkouts Full call number Date last seen Copy number Koha item type
  Dewey Decimal Classification   Not For Loan Non-fiction Central Library, University of Rajshahi Central Library, University of Rajshahi Reading Room 17/07/1985 Tuper tihp 22.00   660.65 GEN V-4 1983 05/02/2014 C-1 Books
  Dewey Decimal Classification   Not For Loan Non-fiction Central Library, University of Rajshahi Central Library, University of Rajshahi Reading Room 30/01/1986 Tuper tihp 25.00   660.65 GEN V-3 1982 21/05/2017 C-1 Books
  Dewey Decimal Classification   Not For Loan Non-fiction Central Library, University of Rajshahi Central Library, University of Rajshahi Reading Room 30/01/1986 Tuper tihp 25.00   660.65 GEN V-2 1981 21/05/2017 C-1 Books
  Dewey Decimal Classification   Not For Loan Non-fiction Central Library, University of Rajshahi Central Library, University of Rajshahi Reading Room 30/01/1986 Tuper tihp 25.00   660.65 GEN V-1 1983 21/05/2017 C-1 Books